000 00268nam a2200109Ia 4500
008 200302s9999 xx 000 0 und d
100 _aAuthor
245 _aDetails in Architecture
260 _bThe Images Publishing Group Pvt. Ltd.
260 _c1999
300 _a216 P.,
999 _c1128
_d1128